Welcome to the Holygrace Academy Library

Please use search bar below to get started

A DANCE WITH DRAGONS (Record no. 7035)

MARC details
000 -LEADER
fixed length control field 00633nam a22001577a 4500
020 ## - INTERNATIONAL STANDARD BOOK NUMBER
ISBN 978-0-00-746607-8
082 ## - DEWEY DECIMAL CLASSIFICATION NUMBER
Classification number 823
Item number MAR/D
100 ## - MAIN ENTRY--AUTHOR NAME
Personal name MARTIN, GEORGE R R
245 ## - TITLE STATEMENT
Title A DANCE WITH DRAGONS
Remainder of title AFTER THE FEAST
246 ## - VARYING FORM OF TITLE
Remainder of title AFTER THE FEAST
260 ## - PUBLICATION, DISTRIBUTION, ETC. (IMPRINT)
Place of publication IRELAND
Name of publisher HARPER COLLINS
300 ## - PHYSICAL DESCRIPTION
Number of Pages 560
520 ## - SUMMARY, ETC.
Summary, etc A Dance with Dragons continues the stories of people vying for control over Westeros and Daenerys Targaryen's efforts to be the queen of Meereen, a city on Slaver's Bay, which is located in Essos, the eastern continent located across the Narrow Sea from Westeros.
650 ## - SUBJECT ADDED ENTRY--TOPICAL TERM
Topical Term ENGLISH NOVEL
Geographic subdivision IRELAND
942 ## - ADDED ENTRY ELEMENTS (KOHA)
Koha item type Books
Holdings
Withdrawn status Lost status Collection code Home library Current library Shelving location Date acquired Source of acquisition Full call number Accession Number Koha item type
    Fiction Main Library Main Library NEW SHELF WITH NEW ENTRY 26/10/2023 PURCHASE 823 MAR/D 13227 Books